[Event "TCh-ESP Div Honor 2016"]
[White "Anton Guijarro, David"]
[Black "Banusz, Tamas"]
[Site "Monzon ESP"]
[Result "1-0"]
[Date "2016.09.26"]
[WhiteElo "2630"]
[BlackElo "2613"]
[PlyCount "65"]

1. d4 d5 2. c4 dxc4 3. e4 Nc6 4. Nf3 Bg4 5. Be3 Bxf3 6. gxf3 e6 7. Nc3 Qf6 8. Qa4 Bb4 9. 0-0-0 Nge7 10. Bxc4 0-0-0 11. h4 Bxc3 12. bxc3 Qxf3 13. Qc2 f5 14. Bxe6+ Kb8 15. Rhg1 fxe4 16. d5 Ne5 17. Rg3 Qf8 18. Qxe4 Nd7 19. Bxd7 Rxd7 20. Qa4 Rxd5 21. Rxd5 Nxd5 22. Bxa7+ Kc8 23. Qg4+ Kd8 24. Rd3 c6 25. Bb6+ Ke8 26. Qc8+ Kf7 27. Qxb7+ Qe7 28. Qxc6 Nxb6 29. Rf3+ Kg8 30. Re3 Qa3+ 31. Kb1 h5 32. Re8+ Kh7 33. Qe4+ 1-0

[Event "TCh-ESP Div Honor 2016"]
[White "Baklan, Vladimir"]
[Black "Sevian, Samuel"]
[Site "Monzon ESP"]
[Result "1/2-1/2"]
[Date "2016.09.26"]
[WhiteElo "2619"]
[BlackElo "2591"]
[PlyCount "109"]

1. e4 e5 2. Nf3 Nc6 3. Bb5 a6 4. Ba4 Nf6 5. 0-0 b5 6. Bb3 Bc5 7. a4 Rb8 8. axb5 axb5 9. Nxe5 Nxe5 10. d4 Bxd4 11. Qxd4 d6 12. f4 Nc6 13. Qc3 Ne7 14. Qe1 0-0 15. e5 Nfd5 16. f5 dxe5 17. Qxe5 Nf6 18. Bf4 Nxf5 19. Nc3 Qd4+ 20. Qxd4 Nxd4 21. Bxc7 Rb7 22. Be5 Nxb3 23. cxb3 b4 24. Bxf6 bxc3 25. Bxc3 Rxb3 26. Ra8 Be6 27. Ra7 Rfb8 28. Rf3 R3b5 29. Rg3 g6 30. Rd3 Rxb2 31. Bxb2 Rxb2 32. h3 h5 33. Rf3 Kg7 34. Rf2 Rxf2 35. Kxf2 Bd5 36. g3 Be6 37. h4 Bf5 38. Ke3 Be6 39. Kd4 Bg4 40. Ke5 Be6 41. Ra4 Bf5 42. Kd6 Be6 43. Rf4 Bh3 44. Ke7 Be6 45. Ra4 Bh3 46. Ra6 Bg4 47. Rf6 Be6 48. Rf4 Bf5 49. Rb4 Bh3 50. Rb6 Bg4 51. Rf6 Be6 52. Rxe6 fxe6 53. Kxe6 g5 54. Kf5 gxh4 55. gxh4 1/2-1/2

[Event "TCh-ESP Div Honor 2016"]
[White "Cuenca Jimenez, Jose Fernando"]
[Black "Kuzubov, Yuriy"]
[Site "Monzon ESP"]
[Result "0-1"]
[Date "2016.09.26"]
[WhiteElo "2529"]
[BlackElo "2629"]
[PlyCount "74"]

1. d4 Nf6 2. c4 e6 3. g3 d5 4. Nf3 Be7 5. Bg2 0-0 6. 0-0 dxc4 7. Qc2 a6 8. a4 Bd7 9. Qxc4 Bc6 10. Bf4 Bd6 11. Qc1 a5 12. Nc3 Na6 13. Bg5 h6 14. Bh4 Bxf3 15. Bxf3 c6 16. e4 e5 17. dxe5 Bxe5 18. Bg2 Qb6 19. Bxf6 Bxf6 20. Qc2 Nc5 21. Kh1 Qb3 22. Rfc1 Rfd8 23. Nd5 Bd4 24. Ne7+ Kf8 25. Nf5 Qxc2 26. Rxc2 Nd3 27. Nxd4 Rxd4 28. b3 Rad8 29. Kg1 Ke7 30. Rc3 Nb4 31. Re1 Rd3 32. Re3 Rxc3 33. Rxc3 Rd3 34. Rc5 b6 35. Re5+ Kf8 36. Bh3 g6 37. Bg4 Rd6 0-1

[Event "TCh-ESP Div Honor 2016"]
[White "Forcen Esteban, Daniel"]
[Black "Rubio Mejia, Luis Ignacio"]
[Site "Monzon ESP"]
[Result "1-0"]
[Date "2016.09.26"]
[WhiteElo "2540"]
[BlackElo "2447"]
[PlyCount "57"]

1. c4 e5 2. Nc3 Nf6 3. Nf3 Nc6 4. g3 Bb4 5. Bg2 0-0 6. 0-0 e4 7. Ng5 Bxc3 8. bxc3 Re8 9. f3 e3 10. d3 d5 11. Qb3 Na5 12. Qa3 c6 13. cxd5 cxd5 14. f4 Bg4 15. Nf3 Nc6 16. h3 Bxf3 17. Rxf3 d4 18. Bb2 Rc8 19. Rff1 dxc3 20. Qxc3 h5 21. Rac1 Ne7 22. Qe5 Ng6 23. Qg5 h4 24. Rxc8 Qxc8 25. Bxf6 gxf6 26. Qxf6 hxg3 27. f5 Ne5 28. Qh6 Qc5 29. d4 1-0

[Event "TCh-ESP Div Honor 2016"]
[White "Ramiro Ovejero, Juan Luis"]
[Black "Almagro Llamas, Pablo"]
[Site "Monzon ESP"]
[Result "0-1"]
[Date "2016.09.26"]
[WhiteElo "2379"]
[BlackElo "2436"]
[PlyCount "66"]

1. e4 c5 2. Nf3 Nc6 3. Bb5 e6 4. 0-0 Nge7 5. Re1 a6 6. Bxc6 Nxc6 7. d4 cxd4 8. Nxd4 Qc7 9. Nxc6 bxc6 10. e5 c5 11. Nd2 d5 12. c4 Be7 13. Qg4 0-0 14. Nf3 f5 15. Qg3 Bb7 16. Bh6 Rf7 17. Rac1 d4 18. Bg5 f4 19. Qg4 Rf5 20. Bf6 Bxf6 21. exf6 Rxf6 22. Rxe6 Qd7 23. Rce1 Raf8 24. Ng5 h6 25. Qh5 hxg5 26. Re7 Qc6 27. f3 Rh6 28. Qg4 Bc8 29. Qxg5 Rg6 30. Qd5+ Qxd5 31. cxd5 Bf5 32. Rc7 Bc2 33. d6 d3 0-1

[Event "TCh-ESP Div Honor 2016"]
[White "Piorun, Kacper"]
[Black "Bacrot, Etienne"]
[Site "Monzon ESP"]
[Result "1/2-1/2"]
[Date "2016.09.26"]
[WhiteElo "2681"]
[BlackElo "2692"]
[PlyCount "85"]

1. e4 e5 2. Nf3 Nc6 3. Bb5 Nf6 4. 0-0 Nxe4 5. d4 Nd6 6. dxe5 Nxb5 7. a4 Nbd4 8. Nxd4 d5 9. exd6 Bxd6 10. Re1+ Be7 11. Nxc6 Qxd1 12. Rxd1 bxc6 13. Bf4 Rb8 14. b3 Bf5 15. Na3 Bxa3 16. Rxa3 Rd8 17. Rc1 0-0 18. h3 Rd7 19. Be3 a6 20. b4 Rb8 21. Bc5 Rbd8 22. Rc3 Rd1+ 23. Rxd1 Rxd1+ 24. Kh2 f6 25. Be3 Bd7 26. Rc4 g5 27. h4 h6 28. Kg3 Kf7 29. hxg5 hxg5 30. f4 Rd5 31. fxg5 fxg5 32. a5 Re5 33. Kf2 Ke6 34. g4 Be8 35. Kf3 Kd7 36. Bd4 Rd5 37. Bf6 Bg6 38. Ke3 Kd6 39. c3 Rd3+ 40. Ke2 Rd5 41. Ke3 Rd3+ 42. Ke2 Rd5 43. Ke3 1/2-1/2

[Event "TCh-ESP Div Honor 2016"]
[White "Van Wely, Loek"]
[Black "Iturrizaga Bonelli, Eduardo"]
[Site "Monzon ESP"]
[Result "1-0"]
[Date "2016.09.26"]
[WhiteElo "2674"]
[BlackElo "2650"]
[PlyCount "81"]

1. d4 Nf6 2. c4 e6 3. Nf3 b6 4. g3 Bb7 5. Bg2 Be7 6. Nc3 Ne4 7. Bd2 Bf6 8. 0-0 0-0 9. Rc1 Nxd2 10. Qxd2 d6 11. b4 Nd7 12. Rfd1 a5 13. b5 g6 14. Ne1 Bxg2 15. Kxg2 e5 16. e3 Re8 17. Qc2 Bg7 18. Nf3 exd4 19. exd4 Nf6 20. c5 Bh6 21. Rb1 Rc8 22. c6 d5 23. Qb3 Bf8 24. a3 Qd6 25. Ra1 Rcd8 26. Ne5 Qe6 27. Re1 Qf5 28. Re2 Bd6 29. Rae1 Kg7 30. h3 h5 31. Re3 h4 32. Rf3 Qg5 33. Ne4 dxe4 34. Qxf7+ Kh6 35. Rxf6 Bxe5 36. dxe5 hxg3 37. Rxe4 gxf2+ 38. Rg4 f1=Q+ 39. Rxf1 Qd2+ 40. Kg1 Qe3+ 41. Rf2 1-0

[Event "TCh-ESP Div Honor 2016"]
[White "Quesada Perez, Yuniesky"]
[Black "Naiditsch, Arkadij"]
[Site "Monzon ESP"]
[Result "1/2-1/2"]
[Date "2016.09.26"]
[WhiteElo "2636"]
[BlackElo "2696"]
[PlyCount "93"]

1. e4 e5 2. Nf3 Nc6 3. Bb5 Nf6 4. d3 d6 5. 0-0 Be7 6. c3 0-0 7. Re1 a6 8. Ba4 Re8 9. h3 Bf8 10. c4 Nd7 11. Be3 Nc5 12. Bxc6 bxc6 13. Nc3 h6 14. Qd2 Qf6 15. d4 exd4 16. Bxd4 Qg6 17. Bxc5 dxc5 18. Qe3 f5 19. e5 Qf7 20. b3 g5 21. Rad1 Qg6 22. Qd3 Be6 23. Nh2 Bf7 24. f4 gxf4 25. Nf3 Bg7 26. Ne2 Bxe5 27. Nxe5 Rxe5 28. Nxf4 Rxe1+ 29. Rxe1 Qf6 30. Qg3+ Kh7 31. Qf2 Qd6 32. Re3 Re8 33. Rxe8 Bxe8 34. Qe3 Bg6 35. Kf2 a5 36. a4 h5 37. h4 Qf6 38. g3 Qb2+ 39. Kf1 Bf7 40. Qe7 Kg8 41. Qd8+ Kg7 42. Qg5+ Kf8 43. Qd8+ Kg7 44. Qg5+ Kf8 45. Qh6+ Kg8 46. Qg5+ Kf8 47. Qd8+ 1/2-1/2

[Event "TCh-ESP Div Honor 2016"]
[White "Gonzalez De La Torre, Santiago"]
[Black "Arizmendi Martinez, Julen Luis"]
[Site "Monzon ESP"]
[Result "1/2-1/2"]
[Date "2016.09.26"]
[WhiteElo "2459"]
[BlackElo "2489"]
[PlyCount "79"]

1. e4 c5 2. Nf3 e6 3. d4 cxd4 4. Nxd4 Nc6 5. Nc3 Qc7 6. g3 a6 7. Bg2 h5 8. 0-0 h4 9. Re1 hxg3 10. hxg3 d6 11. Nxc6 bxc6 12. e5 d5 13. Na4 Ne7 14. Be3 Rb8 15. c4 dxc4 16. Rc1 Nd5 17. Rxc4 Rb4 18. Qc1 Bd7 19. Bc5 Rxc4 20. Qxc4 Qa5 21. Rc1 Qd2 22. Bxf8 Kxf8 23. Nc5 Be8 24. Nb3 Qxb2 25. Bxd5 cxd5 26. Qb4+ Kg8 27. Kg2 Rh5 28. Qb8 Kf8 29. Qd6+ Kg8 30. Qb8 Kf8 31. Rc8 Rh2+ 32. Kxh2 Qxf2+ 33. Kh3 Qf1+ 34. Kh4 g5+ 35. Kxg5 Qf5+ 36. Kh4 Qh7+ 37. Kg4 Qe4+ 38. Kh3 Qh1+ 39. Kg4 Qe4+ 40. Kh3 1/2-1/2

[Event "TCh-ESP Div Honor 2016"]
[White "Castellanos Rodriguez, Renier"]
[Black "Franco Alonso, Alejandro"]
[Site "Monzon ESP"]
[Result "1/2-1/2"]
[Date "2016.09.26"]
[WhiteElo "2495"]
[BlackElo "2426"]
[PlyCount "56"]

1. e4 c5 2. Nf3 e6 3. d4 cxd4 4. Nxd4 Nc6 5. Nc3 Qc7 6. Qd3 a6 7. Nxc6 dxc6 8. Qg3 Qxg3 9. hxg3 e5 10. Be3 Nf6 11. a3 b5 12. f3 Be6 13. Be2 Nd7 14. Kf2 Bc5 15. g4 Bxe3+ 16. Kxe3 f6 17. a4 b4 18. Nb1 a5 19. Nd2 Ke7 20. Bc4 Nb6 21. Bxe6 Kxe6 22. Ke2 h6 23. Nb3 Rhc8 24. Nc5+ Kd6 25. Nb7+ Kc7 26. Nc5 Kd6 27. Nb7+ Kc7 28. Nc5 Kd6 1/2-1/2

[Event "TCh-ESP Div Honor 2016"]
[White "Argandona Riveiro, Inigo"]
[Black "Santos Ruiz, Miguel"]
[Site "Monzon ESP"]
[Result "0-1"]
[Date "2016.09.26"]
[WhiteElo "2453"]
[BlackElo "2472"]
[PlyCount "88"]

1. Nf3 Nf6 2. c4 e6 3. g3 d5 4. d4 Bb4+ 5. Bd2 Be7 6. Bg2 c6 7. Qc2 Nbd7 8. 0-0 Ne4 9. Nc3 Nxd2 10. Nxd2 0-0 11. e4 dxe4 12. Ndxe4 f5 13. Nd2 e5 14. d5 e4 15. Rad1 Qc7 16. Rfe1 Nf6 17. Nb3 cxd5 18. cxd5 Rd8 19. Nd4 Qc5 20. Qb3 Kh8 21. Nc2 Ng4 22. Re2 Bf6 23. Qa3 Qxa3 24. Nxa3 Ne5 25. Red2 a6 26. Ne2 b5 27. b3 Bb7 28. Nc2 Bg5 29. Rd4 Rac8 30. Ne1 Rd6 31. Kf1 Bf6 32. Bh3 g6 33. a4 Nd3 34. Nxd3 Bxd4 35. Ndf4 Be5 36. axb5 axb5 37. Bg2 g5 38. Nh3 h6 39. g4 fxg4 40. Nhg1 Rxd5 41. Re1 Rd2 42. h3 gxh3 43. Nxh3 Rcc2 44. Bh1 Kg7 0-1

[Event "TCh-ESP Div Honor 2016"]
[White "Sgircea, Silvia-Raluca"]
[Black "Buiza Prieto, Eihartze"]
[Site "Monzon ESP"]
[Result "1/2-1/2"]
[Date "2016.09.26"]
[WhiteElo "2286"]
[BlackElo "2093"]
[PlyCount "119"]

1. Nf3 Nf6 2. c4 c5 3. d4 cxd4 4. Nxd4 Nc6 5. Nc3 e6 6. e3 Bc5 7. Be2 0-0 8. 0-0 Be7 9. b3 b6 10. Ndb5 d5 11. cxd5 exd5 12. Bf3 Be6 13. Bb2 Rc8 14. Rc1 Qd7 15. Nd4 Nxd4 16. Qxd4 Bc5 17. Qh4 Be7 18. Qa4 Qxa4 19. Nxa4 Ne4 20. Be2 Nc5 21. Ba3 Rfd8 22. Rfd1 Kf8 23. Nc3 Ne4 24. Bxe7+ Kxe7 25. Nb5 Rxc1 26. Rxc1 Rd7 27. Nd4 Nd6 28. Ba6 Kf6 29. Kf1 Ne8 30. Nb5 Nd6 31. Ke2 Nxb5 32. Bxb5 Re7 33. Kd2 Bd7 34. Bxd7 Rxd7 35. Kd3 Ke5 36. Rc8 f6 37. a4 Kd6 38. Kd4 h6 39. h4 f5 40. f3 Ke6 41. Re8+ Kf6 42. Re5 Rc7 43. Rxd5 Rc2 44. g4 fxg4 45. fxg4 Rd2+ 46. Ke4 Rb2 47. Rd3 Rh2 48. h5 Kg5 49. Rd7 Kxg4 50. Rxg7+ Kxh5 51. Rxa7 Rb2 52. Kf4 Rxb3 53. e4 Kg6 54. Ra6 Kf7 55. Kf5 Rf3+ 56. Ke5 Rb3 57. Kf5 Rf3+ 58. Ke5 Rb3 59. Kf5 Rf3+ 60. Ke5 1/2-1/2

[Event "TCh-ESP Div Honor 2016"]
[White "Inarkiev, Ernesto"]
[Black "Radjabov, Teimour"]
[Site "Monzon ESP"]
[Result "1/2-1/2"]
[Date "2016.09.26"]
[WhiteElo "2732"]
[BlackElo "2722"]
[PlyCount "75"]

1. d4 Nf6 2. c4 g6 3. Nc3 Bg7 4. e4 d6 5. Nf3 0-0 6. Be2 e5 7. Be3 exd4 8. Nxd4 Re8 9. f3 c6 10. Bf2 d5 11. exd5 cxd5 12. 0-0 Nc6 13. c5 Bf8 14. Kh1 Bd7 15. Qd2 Rc8 16. Nb3 d4 17. Nxd4 Bxc5 18. Nxc6 Rxc6 19. Bxc5 Rxc5 20. Rad1 Qe7 21. Qd4 Qe5 22. Bc4 Qxd4 23. Rxd4 b5 24. Bb3 Be6 25. Re1 a5 26. h4 Bd7 27. Rxe8+ Bxe8 28. a3 Kf8 29. Kg1 Ke7 30. g4 h6 31. Kf2 Bc6 32. Rf4 Re5 33. Rd4 Rc5 34. Rf4 Re5 35. Rd4 Rc5 36. Ke3 Re5+ 37. Kf2 Rf5 38. Rd3 1/2-1/2

[Event "TCh-ESP Div Honor 2016"]
[White "Dominguez Perez, Leinier"]
[Black "Kryvoruchko, Yuriy"]
[Site "Monzon ESP"]
[Result "1-0"]
[Date "2016.09.26"]
[WhiteElo "2720"]
[BlackElo "2693"]
[PlyCount "107"]

1. d4 Nf6 2. Nf3 e6 3. g3 d5 4. Bg2 Be7 5. c4 0-0 6. 0-0 dxc4 7. Qc2 a6 8. Qxc4 b5 9. Qc2 Bb7 10. Bd2 Be4 11. Qc1 c6 12. Rd1 Nbd7 13. Nc3 Bg6 14. Ne5 Nxe5 15. dxe5 Nd5 16. Be3 Rc8 17. a4 Qc7 18. axb5 Nxe3 19. Qxe3 cxb5 20. Rxa6 b4 21. Na4 Qc2 22. Rf1 Rfd8 23. h4 h5 24. Kh2 Rd1 25. Rxd1 Qxd1 26. Rc6 Rd8 27. Rc7 Bf8 28. Nb6 Qd2 29. Qxd2 Rxd2 30. Rc8 b3 31. Rb8 Bf5 32. Bf3 g6 33. Kg2 Kg7 34. Nc4 Rc2 35. Nd6 Bxd6 36. exd6 e5 37. Bd5 Rxe2 38. Rb7 Rd2 39. Rxf7+ Kh6 40. Bxb3 Rxb2 41. Ba4 Rd2 42. d7 e4 43. Kg1 Rd4 44. Bc6 Rd3 45. Kg2 Rd2 46. Kf1 Rd3 47. Bb5 Bh3+ 48. Ke2 Bg4+ 49. f3 Rxf3 50. Rxf3 exf3+ 51. Kf2 Bxd7 52. Bxd7 g5 53. hxg5+ Kxg5 54. Kxf3 1-0

[Event "TCh-ESP Div Honor 2016"]
[White "Saric, Ivan"]
[Black "Rapport, Richard"]
[Site "Monzon ESP"]
[Result "0-1"]
[Date "2016.09.26"]
[WhiteElo "2668"]
[BlackElo "2752"]
[PlyCount "130"]

1. e4 e5 2. Nf3 Nc6 3. Bb5 a6 4. Ba4 Nf6 5. 0-0 Be7 6. Re1 b5 7. Bb3 d6 8. c3 0-0 9. h3 Na5 10. Bc2 c5 11. d4 Bb7 12. d5 Nc4 13. a4 Nb6 14. b3 Bc8 15. Qe2 Bd7 16. Be3 bxa4 17. bxa4 Qe8 18. a5 Bb5 19. Bd3 Bxd3 20. Qxd3 Qb5 21. Qc2 Nc4 22. Nbd2 Nxe3 23. Rxe3 Rfb8 24. Ree1 Qd7 25. Nc4 Bd8 26. Nfd2 Rb5 27. Qa4 Rab8 28. Na3 R5b7 29. Qxd7 Nxd7 30. Nac4 Bc7 31. g3 Rb5 32. f4 Kf8 33. fxe5 Nxe5 34. Nxe5 dxe5 35. Nc4 Ke7 36. Kf2 Rb3 37. Rac1 R8b5 38. Red1 Bxa5 39. d6+ Kd8 40. Nxe5 f6 41. Nc6+ Kd7 42. c4 Rb2+ 43. Kf1 R5b3 44. Nxa5 Rf3+ 45. Ke1 Rff2 46. Rd3 Rbe2+ 47. Kd1 Ra2 48. Ke1 Rh2 49. Rf3 Rxa5 50. Rd1 Ra4 51. e5 Rh1+ 52. Rf1 Rxf1+ 53. Kxf1 fxe5 54. Ke2 Rxc4 55. Ra1 Rc3 56. Kf2 Rd3 57. Rxa6 c4 58. Ra7+ Kxd6 59. Rxg7 c3 60. Rg8 Kc7 61. Rg7+ Rd7 62. Rg4 Rd4 63. Rg7+ Kb6 64. Rg8 Rc4 65. Rb8+ Ka5 0-1

[Event "TCh-ESP Div Honor 2016"]
[White "Vallejo Pons, Francisco"]
[Black "Laznicka, Viktor"]
[Site "Monzon ESP"]
[Result "0-1"]
[Date "2016.09.26"]
[WhiteElo "2716"]
[BlackElo "2651"]
[PlyCount "78"]

1. c4 c6 2. d4 d5 3. cxd5 cxd5 4. Nc3 Nf6 5. Bf4 Nc6 6. e3 a6 7. Be2 Ne4 8. Nf3 Nxc3 9. bxc3 Na5 10. 0-0 e6 11. Nd2 Bd7 12. c4 dxc4 13. Nxc4 Nxc4 14. Bxc4 Rc8 15. Bd3 Bc6 16. Be5 Bd6 17. f4 0-0 18. Qh5 f5 19. Bc4 Qd7 20. Qg5 Bxe5 21. dxe5 Ba4 22. Be2 Qd2 23. Bf3 Qxe3+ 24. Kh1 Rc7 25. h4 Rfc8 26. Rae1 Qa3 27. Kh2 b5 28. Bd1 Qxa2 29. Bxa4 Qxa4 30. Rc1 h6 31. Rxc7 hxg5 32. Rxc8+ Kh7 33. hxg5 b4 34. Rf3 Kg6 35. Rd3 b3 36. Kg3 b2 37. Rb8 Qe4 38. Rd6 Qe3+ 39. Kh2 Qxf4+ 0-1

[Event "TCh-ESP Div Honor 2016"]
[White "Fedorchuk, Sergey A."]
[Black "Salgado Lopez, Ivan"]
[Site "Monzon ESP"]
[Result "1/2-1/2"]
[Date "2016.09.26"]
[WhiteElo "2623"]
[BlackElo "2662"]
[PlyCount "66"]

1. e4 e5 2. Nf3 Nc6 3. Bc4 Bc5 4. 0-0 Nf6 5. d3 0-0 6. c3 d6 7. Re1 a6 8. a4 Ba7 9. h3 Ne7 10. Nbd2 Ng6 11. Nf1 h6 12. Ng3 a5 13. Bb3 Re8 14. d4 Bd7 15. Bc4 Qe7 16. Qb3 Qf8 17. Be3 Bc6 18. Bb5 exd4 19. Bxd4 Nd7 20. Bxa7 Rxa7 21. Nd4 Ne7 22. Ngf5 Nc5 23. Qc4 Ng6 24. Bxc6 Ne5 25. Qd5 bxc6 26. Nxc6 Ra6 27. Nxe5 Rxe5 28. Qc4 d5 29. exd5 Rxf5 30. b4 axb4 31. cxb4 Rxa4 32. Rxa4 Nxa4 33. Qc2 Rxd5 1/2-1/2

[Event "TCh-ESP Div Honor 2016"]
[White "Edouard, Romain"]
[Black "Korneev, Oleg"]
[Site "Monzon ESP"]
[Result "1/2-1/2"]
[Date "2016.09.26"]
[WhiteElo "2635"]
[BlackElo "2581"]
[PlyCount "60"]

1. Nf3 d5 2. g3 c6 3. Bg2 Bf5 4. c4 e6 5. 0-0 Nf6 6. cxd5 exd5 7. d3 Be7 8. Qb3 Qb6 9. Qc2 h6 10. Nc3 0-0 11. e4 Bh7 12. Re1 Na6 13. a3 dxe4 14. dxe4 Nc5 15. b4 Ncxe4 16. Nxe4 Nxe4 17. Rxe4 Bf6 18. Be3 Bxe4 19. Qxe4 Rfe8 20. Qxe8+ Rxe8 21. Bxb6 Bxa1 22. Bxa7 Ra8 23. Bc5 Rxa3 24. Nd2 Bc3 25. Nc4 Rb3 26. Na5 Rb1+ 27. Bf1 Bxb4 28. Nxb7 Bxc5 29. Nxc5 Kf8 30. Ne4 Ke7 1/2-1/2

[Event "TCh-ESP Div Honor 2016"]
[White "Calzetta Ruiz, Monica"]
[Black "Vega Gutierrez, Sabrina"]
[Site "Monzon ESP"]
[Result "1-0"]
[Date "2016.09.26"]
[WhiteElo "2249"]
[BlackElo "2411"]
[PlyCount "85"]

1. e4 c5 2. Nc3 d6 3. Nf3 Nf6 4. d4 cxd4 5. Nxd4 e6 6. g4 h6 7. h4 Be7 8. Bg2 Nc6 9. g5 hxg5 10. hxg5 Rxh1+ 11. Bxh1 Nh7 12. Nxc6 bxc6 13. Qh5 Nf8 14. Be3 e5 15. 0-0-0 Ng6 16. Qh7 Bxg5 17. Qxg7 Bxe3+ 18. fxe3 Be6 19. Bf3 Kd7 20. Rg1 Ne7 21. Qg3 Qa5 22. Bg4 Rb8 23. Rf1 Rg8 24. Bxe6+ fxe6 25. Qh3 Qd8 26. Rf6 Rg1+ 27. Kd2 Qg8 28. Ne2 Rg6 29. Rf2 Qb8 30. Rf7 Qb4+ 31. Nc3 d5 32. exd5 cxd5 33. Qf1 Qxb2 34. Qa6 Ke8 35. Rf2 Qb6 36. Qa4+ Qc6 37. Qxa7 d4 38. exd4 exd4 39. Qxd4 Rg3 40. Ne4 Rg6 41. Nd6+ Kd7 42. Nc4+ Kc7 43. Qa7+ 1-0

[Event "TCh-ESP Div Honor 2016"]
[White "Cheparinov, Ivan"]
[Black "Harikrishna, Pentala"]
[Site "Monzon ESP"]
[Result "0-1"]
[Date "2016.09.26"]
[WhiteElo "2677"]
[BlackElo "2752"]
[PlyCount "90"]

1. d4 Nf6 2. c4 e6 3. Nf3 b6 4. g3 c6 5. Bg2 Be7 6. 0-0 0-0 7. Qc2 d5 8. b3 Nbd7 9. Rd1 h6 10. Bb2 Bb7 11. Nc3 Qc7 12. Rac1 Rac8 13. e4 dxe4 14. Nxe4 c5 15. Nxf6+ Nxf6 16. dxc5 Bxc5 17. Ne5 Bxg2 18. Kxg2 Qb7+ 19. f3 Rfd8 20. Qe2 Be7 21. a4 a6 22. Rxd8+ Rxd8 23. Rd1 Rxd1 24. Qxd1 Qc7 25. Qd3 Bd6 26. Qc3 Bf8 27. b4 Qd6 28. Nd3 Nd7 29. Qd4 Qc6 30. b5 axb5 31. axb5 Qc7 32. h4 Qa7 33. g4 Qc7 34. g5 hxg5 35. hxg5 Qd8 36. Kf1 Qc7 37. Ke2 Qh2+ 38. Kd1 Qc7 39. Kc2 Qh2+ 40. Kb3 Qc7 41. f4 Qb7 42. Bc3 f6 43. g6 Bc5 44. Nxc5 Nxc5+ 45. Kb4 Qa8 0-1

[Event "TCh-ESP Div Honor 2016"]
[White "Adhiban, Baskaran"]
[Black "Oparin, Grigoriy"]
[Site "Monzon ESP"]
[Result "1-0"]
[Date "2016.09.26"]
[WhiteElo "2671"]
[BlackElo "2626"]
[PlyCount "123"]

1. e4 c5 2. Nc3 Nc6 3. f4 g6 4. Nf3 Bg7 5. Bb5 Nd4 6. 0-0 Nxb5 7. Nxb5 d6 8. d3 Nf6 9. Qe1 h6 10. Nc3 b6 11. b3 0-0 12. f5 gxf5 13. Qh4 Ng4 14. h3 Bxc3 15. hxg4 e6 16. Bg5 hxg5 17. Nxg5 Bd4+ 18. Rf2 Kg7 19. Qh7+ Kf6 20. Nxf7 Qc7 21. e5+ dxe5 22. Qh4+ Kxf7 23. Qh7+ Ke8 24. Qxc7 fxg4 25. Raf1 g3 26. Qc6+ Ke7 27. Qxa8 gxf2+ 28. Kh2 Bd7 29. Qe4 Rh8+ 30. Kg3 Rg8+ 31. Kf3 Kd6 32. Ke2 Bc6 33. Qh7 Rxg2 34. c3 Bxc3 35. Rxf2 Rxf2+ 36. Kxf2 a5 37. Qa7 b5 38. Qb6 c4 39. Qd8+ Kc5 40. Qe7+ Kd5 41. Qd8+ Kc5 42. Qf8+ Kb6 43. dxc4 bxc4 44. bxc4 Bd4+ 45. Ke2 e4 46. Qb8+ Kc5 47. Qa7+ Kxc4 48. Qxa5 e5 49. Qc7 Kd5 50. a4 Bc5 51. Qd8+ Kc4 52. Qa5 Bd7 53. Qa6+ Kd4 54. a5 Bg4+ 55. Kf1 e3 56. Qb7 Kc3 57. a6 Kd2 58. Qb2+ Kd3 59. Qb1+ Kc3 60. a7 Bxa7 61. Qa1+ Kd2 62. Qa2+ 1-0

[Event "TCh-ESP Div Honor 2016"]
[White "Antipov, Mikhail Al."]
[Black "Ganguly, Surya Shekhar"]
[Site "Monzon ESP"]
[Result "1-0"]
[Date "2016.09.26"]
[WhiteElo "2550"]
[BlackElo "2672"]
[PlyCount "107"]

1. e4 c5 2. Nf3 Nc6 3. Bb5 g6 4. 0-0 Bg7 5. Bxc6 bxc6 6. c3 Nh6 7. Re1 0-0 8. d4 cxd4 9. cxd4 d5 10. e5 f6 11. e6 Qd6 12. Qe2 Nf5 13. b3 Qb4 14. Ba3 Qa5 15. Qb2 Bh6 16. Nc3 Re8 17. Na4 Bf4 18. Qc2 Ba6 19. g4 Nd6 20. Bc1 Bxc1 21. Raxc1 Ne4 22. Nc5 Nxc5 23. Qxc5 Qc7 24. Qc3 Qf4 25. h3 Red8 26. Qe3 Qxe3 27. Rxe3 Rd6 28. Ne1 g5 29. Ng2 Bc8 30. f4 Bxe6 31. f5 Bd7 32. Rxe7 h5 33. Ne1 Kf8 34. Re3 Re8 35. Rxe8+ Bxe8 36. Nd3 Bf7 37. Nb4 Be8 38. Rc5 h4 39. Kf2 Kf7 40. Ra5 Rd7 41. Nxc6 Rc7 42. Rxa7 Rxa7 43. Nxa7 Ke7 44. a4 Kd8 45. Ke3 Kc7 46. Nb5+ Bxb5 47. axb5 Kb6 48. Kd3 Kxb5 49. Kc2 Ka5 50. Kb1 Kb5 51. Ka2 Kb4 52. Kb2 Ka5 53. Ka3 Kb5 54. b4 1-0

[Event "TCh-ESP Div Honor 2016"]
[White "Delchev, Aleksander"]
[Black "Svetushkin, Dmitry"]
[Site "Monzon ESP"]
[Result "0-1"]
[Date "2016.09.26"]
[WhiteElo "2591"]
[BlackElo "2543"]
[PlyCount "80"]

1. e4 e5 2. Nf3 Nc6 3. Bb5 a6 4. Ba4 Nf6 5. 0-0 Be7 6. d3 b5 7. Bb3 0-0 8. Nc3 Bb7 9. a3 d6 10. Bd2 Qd7 11. Re1 Rae8 12. Nd5 Nxd5 13. exd5 Nd4 14. Nxd4 exd4 15. a4 Ra8 16. Qf3 Bf6 17. Ra2 c5 18. dxc6 Bxc6 19. Bd5 Bxd5 20. Qxd5 bxa4 21. Bb4 Rfe8 22. Raa1 Qb5 23. Qxd6 Rac8 24. Rxe8+ Rxe8 25. Qc5 Be7 26. Qxb5 axb5 27. Bxe7 Rxe7 28. Kf1 Kf8 29. c4 dxc3 30. bxc3 Rc7 31. Ra3 Ke7 32. Ke2 Kd6 33. Kd2 Kc5 34. Ra1 Ra7 35. Re1 b4 36. cxb4+ Kxb4 37. Rb1+ Kc5 38. Kc3 a3 39. d4+ Kd5 40. Rb5+ Kc6 0-1

[Event "TCh-ESP Div Honor 2016"]
[White "De La Villa Garcia, Jesus Maria"]
[Black "Perez Candelario, Manuel"]
[Site "Monzon ESP"]
[Result "0-1"]
[Date "2016.09.26"]
[WhiteElo "2473"]
[BlackElo "2574"]
[PlyCount "96"]

1. e4 e5 2. Nf3 Nc6 3. Nc3 Nf6 4. d4 exd4 5. Nxd4 Bb4 6. Nxc6 bxc6 7. Bd3 d5 8. exd5 0-0 9. 0-0 cxd5 10. Bg5 c6 11. Qf3 Bd6 12. Bxf6 Qxf6 13. Qxf6 gxf6 14. Ne2 Rb8 15. b3 Be6 16. Rad1 Rfe8 17. Ng3 c5 18. Nf5 Bf8 19. Ne3 a5 20. a4 Bh6 21. Nf5 Bf8 22. Ne3 Bh6 23. Nf5 Bf4 24. g3 Be5 25. Ne3 Bc3 26. Bb5 Red8 27. Ng2 Bg4 28. f3 Bf5 29. Bd3 Bd7 30. Nf4 c4 31. bxc4 dxc4 32. Bxc4 Bxa4 33. Nd5 Bb2 34. Bb3 Bd7 35. Kg2 a4 36. Ba2 Kg7 37. Rf2 a3 38. c4 Be6 39. g4 Be5 40. f4 Bxd5+ 41. Rxd5 Rxd5 42. cxd5 Bd6 43. h4 Rb4 44. Kg3 h6 45. Rf3 Rd4 46. Bb3 Rd2 47. Rf2 Rd3+ 48. Rf3 Rxb3 0-1

[Event "TCh-ESP Div Honor 2016"]
[White "Hernandez Estevez, Yudania"]
[Black "Matnadze, Ana"]
[Site "Monzon ESP"]
[Result "0-1"]
[Date "2016.09.26"]
[WhiteElo "2224"]
[BlackElo "2383"]
[PlyCount "139"]

1. e4 c5 2. Nf3 d6 3. d4 cxd4 4. Nxd4 Nf6 5. Nc3 Nc6 6. Bg5 e6 7. Qd2 Qb6 8. 0-0-0 a6 9. f3 Be7 10. h4 Qxd4 11. Qxd4 Nxd4 12. Rxd4 Nd7 13. Be2 Ne5 14. Rhd1 f6 15. Be3 g5 16. hxg5 fxg5 17. Rxd6 Bxd6 18. Rxd6 Nf7 19. Rb6 h5 20. Bc4 Rh6 21. Na4 h4 22. Nc5 h3 23. gxh3 Rxh3 24. Nxe6 Ne5 25. b3 Nxc4 26. bxc4 Bxe6 27. Rxe6+ Kf7 28. Rb6 g4 29. Rxb7+ Ke6 30. c5 gxf3 31. c6 Rc8 32. c7 Rh7 33. Rb6+ Ke5 34. Bf2 Rcxc7 35. Bg3+ Kxe4 36. Bxc7 f2 37. Rf6 Rh1+ 38. Kb2 f1=Q 39. Rxf1 Rxf1 40. a4 Kd5 41. a5 Kc4 42. Bb6 Kb4 43. Bd8 Rf7 44. Bb6 Rd7 45. Kc1 Rd5 46. Kb2 Rf5 47. Bc7 Kc4 48. Bd8 Rh5 49. Bc7 Rd5 50. Kc1 Rc5 51. Bd8 Rf5 52. Kb2 Rb5+ 53. Kc1 Rb8 54. Bg5 Rg8 55. Bd2 Rg1+ 56. Kb2 Rf1 57. Bc3 Rd1 58. Be5 Rd7 59. Bf4 Kb4 60. Bh6 Kxa5 61. Bf8 Ka4 62. Bc5 Rb7+ 63. Kc3 Rc7 64. Kc4 Rc8 65. Kd5 a5 66. Kc4 Rg8 67. Bd6 Rg4+ 68. Kc5 Rg6 69. Bf8 Rg8 70. Kd4 0-1

[Event "TCh-ESP Div Honor 2016"]
[White "Banusz, Tamas"]
[Black "Harikrishna, Pentala"]
[Site "Monzon ESP"]
[Result "0-1"]
[Date "2016.09.27"]
[WhiteElo "2613"]
[BlackElo "2752"]
[PlyCount "192"]

1. Nf3 e6 2. g3 Nf6 3. c4 d5 4. Bg2 Be7 5. d4 0-0 6. 0-0 dxc4 7. Qc2 a6 8. a4 Bd7 9. Qxc4 Bc6 10. Bf4 Bd6 11. Bg5 Nbd7 12. Nc3 h6 13. Bxf6 Nxf6 14. Nd2 Bxg2 15. Kxg2 a5 16. Rfd1 c6 17. Nde4 Nxe4 18. Nxe4 Bb4 19. Nc5 Qd5+ 20. Qxd5 exd5 21. Rac1 Bxc5 22. Rxc5 Ra6 23. Rd3 Re8 24. e3 Rb6 25. b3 Ra6 26. Rc2 h5 27. Rb2 Rb6 28. b4 Rxb4 29. Rxb4 axb4 30. Rb3 c5 31. dxc5 Re4 32. Rd3 Kf8 33. Kf3 Rc4 34. Rxd5 b3 35. Rd2 Rb4 36. Rb2 Ke7 37. Ke2 Kd7 38. Kd3 Kc6 39. Kc3 Rxa4 40. Rxb3 Ra2 41. Rb6+ Kxc5 42. Rxb7 Rxf2 43. Kd3 Kd6 44. h4 g6 45. Rb5 Ke6 46. Ke4 f5+ 47. Kd3 Rg2 48. Rb6+ Kf7 49. Rb7+ Kf6 50. Rb6+ Kg7 51. Rb7+ Kh6 52. Kd4 Rxg3 53. Ke5 Rxe3+ 54. Kf6 Re8 55. Kf7 Ra8 56. Rb4 Ra7+ 57. Kf6 Ra6+ 58. Ke5 Ra8 59. Rc4 Re8+ 60. Kf4 Re1 61. Ra4 Rg1 62. Ke5 Rg4 63. Ra8 Kg7 64. Ra7+ Kf8 65. Ke6 f4 66. Kf6 Ke8 67. Ke6 Kd8 68. Kd6 Kc8 69. Kc6 Kb8 70. Rb7+ Ka8 71. Rf7 f3 72. Rxf3 Rxh4 73. Kc7 Rc4+ 74. Kb6 Kb8 75. Rf8+ Rc8 76. Rf7 Re8 77. Rf6 Rg8 78. Rf7 g5 79. Rh7 h4 80. Rh6 Rf8 81. Rg6 h3 82. Rxg5 h2 83. Rh5 Rf6+ 84. Kc5 Rf5+ 85. Rxf5 h1=Q 86. Rf8+ Kc7 87. Rf7+ Kd8 88. Kd6 Qh6+ 89. Kd5 Qh5+ 90. Ke6 Qg6+ 91. Rf6 Qe4+ 92. Kf7 Kd7 93. Kg7 Qe5 94. Kf7 Qg5 95. Rb6 Qd5+ 96. Kg6 Ke7 0-1